000 00427nam a2200169Ia 4500
005 20240724031742.0
008 240331s9999 xx 000 0 und d
020 _a0700701761
082 _a291
_bSOU
245 0 _aSouth Asian religion and soceity
260 _aLondon
_bScandinavian Institute of Asian Studies
_c1986
300 _a262 p .,
650 _aReligion
650 _aSocial
700 _aParpola, H
_eedt
942 _cL
999 _c850
_d850